000 00421nam a2200157 i 4500
001 100524
003 ES-MaACL
005 20230906182706.0
007 t|
008 050929s1961 sp ||||1| spa d
100 1 _aMasoliver, Liberata.
_978749
245 1 0 _aBarcelona en llamas /
_cLiberata Masoliver.
260 _aBarcelona :
_bBarna,
_c1961.
300 _a235 p. ;
_c19 cm.
852 _aES-MaACL
_jC-20191
_bR.48569
999 _c100524
_d100524